000 00559nam a2200181Ia 4500
005 20250508151930.0
008 008 250505s9999 xx 000 0 eng d
037 _aBooks to be hide in OPAC
040 _aFEDL
_beng
_cFEDL
041 _aeng
_2eng
084 _a407, ASS/O
_qFEDL
245 0 _aMemorandum on modern language teaching
245 0 _cAssociation of Assistant Mistresses in Secondary Schools
260 _aLondon, UK
_bUniversity of London Press
_c1956
300 _a127p
942 _cHB
_h407, ASS/O
999 _c1333049
_d1333049